WSL Championship Tour Winners - Surfing - Statistics

General Stats
  • This quiz has been taken 32 times
  • The average score is 11 of 34
Answer Stats
Year Nation Winner % Correct
2016 John John Florence
96%
1992 Kelly Slater
96%
2014 Gabriel Medina
93%
2025 Yago Dora
81%
2002 Andy Irons
70%
2022 Filipe Toledo
70%
2007 Mick Fanning
70%
2019 Italo Ferreira
59%
2007 Stephanie Gilmore
59%
2011 Carissa Moore
48%
2025 Molly Picklum
44%
2015 Adriano De Souza
41%
2012 Joel Parkinson
41%
2024 Caitlin Simmers
37%
2023 Caroline Marks
37%
1985 Tom Curren
37%
2016 Tyler Wright
33%
2000 Sunny Garcia
22%
1983 Tom Carroll
22%
1993 Derek Ho
15%
1999 Mark Occhilupo
15%
1998 Layne Beachley
7%
1994 Lisa Andersen
7%
2001 C. J. Hobgood
4%
1987 Wendy Botha
4%
1988 Barton Lynch
0%
2005 Chelsea Georgeson
0%
1987 Damian Hardman
0%
1984 Freida Zamba
0%
1983 Kim Mearing
0%
1989 Martin Potter
0%
1990 Pam Burridge
0%
1993 Pauline Menczer
0%
2004 Sofia Mulanovich
0%
No matching quizzes found
Score Distribution
Percent of People with Each Score
Percentile by Number Answered
Your Score History
You have not taken this quiz